Quizzes
Events
Quiz Creation
Community
Videos
Private Events
Remove Ads
Sign In
Join for FREE
Feedback
Dark Mode
Quiz Categories
Sports
Geography
Music
Movies
Television
Just For Fun
Miscellaneous
History
Literature
Language
Science
Gaming
Entertainment
Religion
Holiday
For Kids
Quiz Lab
Recent
Popular Today
Quiz Kudos Today
Editor Picks
Curator Picks
Quizzes by...
Day
Popularity
Type
Ratings
Length
Year
Community
Subscriptions
Recent Discussions
Orange Saloon
Badges
Playlists
Quests
Create
Leaderboards
Showdown
Live 5
Trivia Bingo
Activity
Puzzle Library
Sporcle Events
Private Events
Virtual Trivia
Globe League
Become a Host
Pub Owners
SporcleCon
Opinionation
Our Games
Videos
Blog
Mobile Apps
Partnerships
Remove Ads and Go Orange
Feedback
Sports
Athletes
MLB
NBA
NHL
NFL
Soccer
Sports Teams
WWE
NCAA
Football
Premier League
Basketball
Baseball
Hockey
Golf
Tennis
Cricket
Rugby
Auto Racing
Olympics
World Cup
Sports
Athletes
MLB
NBA
NHL
NFL
Soccer
Sports Teams
WWE
NCAA
Football
Premier League
Basketball
Baseball
Hockey
Golf
Tennis
Cricket
Rugby
Auto Racing
Olympics
World Cup
Random Quiz
Search Sporcle
×
Quiz Lab
Quiz Lab
Sports
NFL
Type in answers that appear in a list
Type in answers that appear in a list
Classic
Best Score? Go Orange.
Projected 2012 NFL Starting Lineups: NFC West Stats
Can you name the Projected 2012 NFL Starting Lineups: NFC West?
By
Zongo
10m
96 Questions
169 Plays
169 Plays
169 Plays
Comments
Comments
Give Quiz Kudos
Give Quiz Kudos
-
- Ratings
hide this ad
More Info
Replay
Link that replays current quiz
Next Quiz
Link to next quiz in quiz playlist
You Got
0%
They Got
Avg Score
46%
Avg Friend Score
Upgrade to see
Score Distribution
Jump to the score distribution portion of the page
Score
0/96
Timer
10:00
0
Plays Today
% Correct
Alex Smith
96.4%
Justin Smith
95.8%
Aldon Smith
95.8%
Frank Gore
92.8%
Russell Wilson
92.8%
Adrian Wilson
92.2%
Marshawn Lynch
91.6%
Vernon Davis
88%
Anthony Davis
87.4%
Michael Crabtree
86.8%
Patrick Willis
83.2%
Sam Bradford
81.4%
Larry Fitzgerald
79.6%
Steven Jackson
79.6%
Earl Thomas
74.3%
Randy Moss
72.5%
Sidney Rice
72.5%
Navorro Bowman
71.3%
David Akers
69.5%
Tarell Brown
69.5%
Bruce Miller
67.1%
Zach Miller
67.1%
Brit Miller
66.5%
John Skelton
65.9%
Beanie Wells
65.3%
Scott Wells
65.3%
Richard Sherman
64.7%
Anthony Sherman
64.7%
Joe Staley
62.9%
Chris Long
61.7%
Golden Tate
60.5%
Carlos Rogers
59.9%
% Correct
Andy Lee
57.5%
Kam Chancellor
57.5%
Dan Williams
56.9%
Bobby Wagner
55.1%
Patrick Peterson
55.1%
Danny Amendola
55.1%
Mike Iupati
54.5%
Brandon Browner
52.7%
Dashon Goldson
52.1%
Russell Okung
51.5%
Michael Robinson
50.9%
Donte Whitner
46.7%
Darnell Dockett
46.7%
Robert Quinn
45.5%
Ahmad Brooks
44.9%
Chris Clemons
43.7%
Max Unger
41.3%
Calais Campbell
40.7%
K.J. Wright
39.5%
Janoris Jenkins
39.5%
Brandon Mebane
38.9%
Cortland Finnegan
38.9%
Ray McDonald
37.1%
Isaac Sopoaga
37.1%
Red Bryant
37.1%
Andre Roberts
36.5%
Michael Brockers
36.5%
James Laurinaitis
36.5%
Lance Kendricks
35.3%
Todd Heap
34.7%
Leroy Hill
33.5%
Brandon Gibson
32.9%
% Correct
Jonathan Goodwin
31.7%
Alex Boone
31.7%
Daryl Washington
31.7%
Greg Zuerlein
30.5%
Jon Ryan
28.1%
Jay Feely
26.9%
Alan Branch
25.7%
Johnny Hekker
23.4%
Breno Giacomini
22.8%
Kerry Rhodes
22.8%
Harvey Dahl
22.2%
Craig Dahl
22.2%
Rodger Saffold
20.4%
Paul McQuistan
19.8%
Bobby Massie
19.8%
Barry Richardson
19.2%
Adam Snyder
18.6%
Jo-Lonn Dunbar
18%
John Moffitt
17.4%
Sam Acho
16.8%
Paris Lenon
16.8%
Kendall Langford
16.8%
Lyle Sendlein
16.2%
O'Brien Schofield
15.6%
William Gay
15.6%
Quintin Mikell
15.6%
Steven Hauchka
13.2%
Daryn Colledge
12.6%
Mario Haggan
12%
Dave Zastudil
11.4%
Jeremy Bridges
8.4%
Quinn Ojinnaka
7.2%
Quiz Playlist
Details
Report
Send in Message
Add To Playlist
More Info:
Primarily based on the Sports Illustrated NFL Preview Issue
Classic:
Type in answers that appear in a list
Last Updated: Feb 16, 2017
Quiz Scoreboard
CHALLENGE
Sign Up to Join the Scoreboard
Show All
Scores
Hide
Comments
May contain spoilers
Recently Published
Presidents Visiting Landmarks
by Hejman
History
7m
An Introduction to Baseball
by treessimontrees
Sports
5m
Movies - When Are They Set?
by FPL_Elf
Movies
5m
More to Explore
Quiz From the Vault
Featured Blog Post
Where Did the Easter Bunny Come From?
hide this ad
You Might Also Like...
Tags
NFL Quiz
2012
nfc
NFC West
Projected
Starting
West
Today's Top Quizzes in Sports
Browse Sports
hide this ad
Today's Top Quizzes in NFL
Browse NFL
Top Contributed Quizzes in Sports
1
Les meilleurs buteurs des matchs entre le PSG et l’OM
2
2022 World Cup Stars
3
FIFA Club World Cup Champions
4
Les entraîneurs de l'OM et du PSG au 21e siècle
5
Name the Premier League winners with different clubs
6
La finale Lions - Afrique du Sud 2021
7
5-to-1: UK Sports Teams
8
England Test cricketers to play under Nasser Hussain
9
Players with Multiple 50 Home Run Seasons
10
AFC Teams Reveal (Wrong Answers Minefield)
Explore More
Trending Topics
Disney
Anime
Harry Potter
Kpop
Marvel
Crossword
NBA
NFL
The Office
WWE
Puzzle
Country
Soccer
Song
Pokémon
hide this ad
More By:
Zongo
Quiz
Plays
Rating
Category
Featured
Created
MLB Top 50 Active Hit Leaders
22,952
4.36
Sports
May 4, 2014
MLB's Top 50 Active Home Run Hitters
17,993
4.64
Sports
Apr 22, 2014
NBA's Top 50 Active Scorers
15,287
4.55
Sports
Apr 12, 2014
NBA's Top 10 All Time Games Played Leaders by Franchise
11,546
4.77
Sports
Oct 21, 2014
NBA's Top 100 Postseason Scorers of All Time
10,679
4.89
Sports
Mar 15, 2014
Go to Creator's Profile
Score Distribution
Quiz Creator Spotlight
Zongo
Follow
Send a Message
Quizzes Created
-
Created Quiz Play Count
-
More By This Creator
Popular Quizzes Today
1
Find the US States - No Outlines Minefield
2
Find the Countries of Europe - No Outlines Minefield
3
The Countries of the World
4
Find the US States
5
Popular People in 1961
6
US States
7
Risky Map Clicking: Biggest States A-Z
8
1-10 Letter E Words III
More Sports Quizzes
Top 100 MLB Home Run Leaders (2022)
Quiz Lab
Trending Quizzes
Risky Map Clicking: Least Populous States A-Z
1-10 Letter G Words
1-10 Letter F Words
Risky Map Clicking: Next State Alphabetically
Risky Map Clicking: Biggest States A-Z
Recently Updated
Leaping Animals
pecheneg
Reality TV Shows (A-Z)
bhenderson79
Rickey Henderson's Hall of Fame Teammates
pecheneg
Champions League XIs: Arsenal
pecheneg
Quick Pick: Celebrities in WWE's Hall of Fame
aduchscher
A-Z Keypad Blitz II
pecheneg
Multiple Oscar Actors
pecheneg
Mystery Phrase Blitz: Oscar 'Best Actors'
pecheneg
F. Scott Fitzgerald Novels
LTH
Pick 3 Villains
ddd62291
Trending Topics
NBA
Kpop
Anime
Crossword
Harry Potter
Marvel
Disney
NFL
The Office
Soccer
Puzzle
Song
Pokémon
WWE
Country
Your Account Isn't Verified!
In order to create a playlist on Sporcle, you need to verify the email address you used during registration. Go to your
Sporcle Settings
to finish the process.
Report this User
Report this user for behavior that violates our
Community Guidelines
.
Details:
Send Report
Go to the Sporcle.com Mobile Site →
Comments